000
00222nam a2200097Ia 4500
008
190216s9999||||xx |||||||||||||| ||und||
100
_a
Seton Maximan H
245
0
_a
Barlasch Of The Guard
260
_b
Longmans
942
_c
BK
999
_c
11725
_d
11725